| 000 | 00540nam a2200205Ia 4500 | ||
|---|---|---|---|
| 003 | GCL | ||
| 008 | 140319s9999 xx 000 0 eng d | ||
| 040 |
_aGCL / _cGCL |
||
| 082 | 0 | 4 |
_a658.11 _bA C |
| 100 | 1 | _aBAIRD, JR | |
| 245 | 1 | 0 |
_aCOMMUNICATION FOR BUSINESS AND THE PROFESSIONS / _cBAIRD, JR |
| 700 | 1 | _aADREWS, PATRICIA HAYES | |
| 700 | 1 | _aE, JOHN | |
| 260 |
_a[S.N] : _bBROWN AND BENCHMANBE ، _c1980 |
||
| 300 | _a493 P | ||
| 650 | 0 | 4 | _aBUSINESS |
| 650 | 0 | 4 | _aCOMMUNICATION |
| 650 | 0 | 4 | _aBUSINESS MANAGEMENT |
| 942 |
_2ddc _cBK |
||
| 999 |
_c13560 _d13560 |
||